Algebra / (Record no. 6498)
[ view plain ]
| 000 -LEADER | |
|---|---|
| fixed length control field | 00645nam a2200145 4500 |
| 020 ## - INTERNATIONAL STANDARD BOOK NUMBER | |
| ISBN | 354078053x |
| 050 ## - CALL NUMBER | |
| Classification number | QA155 |
| Item number | .H83 |
| 100 ## - AUTHOR | |
| Personal name | Hungerford, Thomas W. |
| 245 ## - TITLE | |
| Title | Algebra / |
| Statement of responsibility, etc | Thomas W. Hungerford |
| 260 ## - PUBLICATION INFORMATION | |
| Place of publication | New York |
| Name of publisher | Springer |
| Year of publication | 1974 |
| 300 ## - DESCRIPTION | |
| Number of Pages | xxiii, 502p. : |
| Dimensions | 24cm |
| 500 ## - NOTES | |
| General note | Includes index |
| 505 ## - FORMATTED CONTENTS NOTE | |
| Table of Content | Chapter 1. Groups <br/>Chapter 2. The Structure of Groups <br/>Chapter 3. Rings <br/>Chapter 4. Modules <br/>Chapter 5. Fields and Galois Theory <br/>Chapter 6. The Structure of Fields <br/>Chapter 7. Linear Algebra <br/>Chapter 8. Commutative Rings and Modules <br/>Chapter 9. The Structure of Rings <br/>Chapter 10. Categories |
| 942 ## - ADDED ENTRY ELEMENTS (KOHA) | |
| Koha item type | Books |
| Withdrawn status | Lost status | Collection code | Home library | Current library | Shelving location | Date acquired | Full call number | Accession Number | Koha item type |
|---|---|---|---|---|---|---|---|---|---|
| Reference | Methodist University Library Main | Methodist University Library Main | General Stacks | 23/02/2005 | QA155 .H83 | 14220 | Books | ||
| Reference | Methodist University Library Main | Methodist University Library Main | General Stacks | 23/02/2005 | QA155 .H83 | 14219 | Books |